000 00513nam a22001697a 4500
082 _a297.63
_bFAU
_cL39,P27
100 _aFauzu Rehman
_937444
245 _aAnhazrat bahasiat sipah salar
_cFauzu Rehman
260 _aRawalpindi.
_bCentral Army press.
300 _a43 p.
_c22 p.
526 _a0
_b0
_c0
_d297_630000000000000_FAU
526 _a0
_b0
_c0
_d297_630000000000000_FAU
526 _a0
_b0
_c0
_d297_630000000000000_FAU
526 _a0
_b0
_c0
_d297_630000000000000_FAU
650 _aMCE
_9379
942 _2ddc
_cBK
999 _c542310
_d542310